| 000 | 00524nam a22001817a 4500 | ||
|---|---|---|---|
| 999 |
_c186015 _d186015 |
||
| 005 | 20220211170422.0 | ||
| 010 | _aENG-131546 | ||
| 020 | _c200.00 | ||
| 035 | _aEN-115078 | ||
| 037 | _bDBAD | ||
| 082 | _a658.15 | ||
| 100 | _aSethi, Rajbir Singh | ||
| 245 |
_aA Study of Liquidity Risk Management In Retail Banks/ _cRajbir Singh Sethi |
||
| 260 |
_aNew Delhi _bMehram Publications Pvt. Ltd _c2011 |
||
| 270 |
_aMohal Nabha _bNew Delhi |
||
| 300 |
_a120p. _c22cm(hbk) |
||
| 942 |
_2ddc _cEN _h658.15 _mSET |
||